Le réel et le texte /

Guardado en:
Autor Corporativo: Centre de Recherches dix-neuviémistes de l'Université de Lille III.
Formato: Libro
Idioma:French
Publicado: Paris : Armand Colin, 1974.
Series:Etudes Romantiques
Materias:
Etiquetas: Agregar Etiqueta
Sin Etiquetas, Sea el primero en etiquetar este registro!
LEADER 00592nam a22001695a 4500
001 EUN.um044262
003 AR-BaUNS
005 20050623122914.0
008 041125s1974####fr############000#0#fre#d
245 1 3 |a Le réel et le texte /  |c Centre de Recherches dix-neuviémistes de l'Université de Lille III. 
260 |a Paris :  |b Armand Colin,  |c 1974. 
300 |a 252 p. 
490 0 |a Etudes Romantiques 
082 0 4 |a 840.8 
653 |a Literatura francesa:s.xix 
110 2 |a Centre de Recherches dix-neuviémistes de l'Université de Lille III. 
859 |a Ar-BaUNS  |b BIB. CENTRAL - Sector C  |h 840.8  |i C682  |p 81670/979